<?xml version="1.0" encoding="UTF-8"?>
<record
    xmlns:xsi="http://www.w3.org/2001/XMLSchema-instance"
    xsi:schemaLocation="http://www.loc.gov/MARC21/slim http://www.loc.gov/standards/marcxml/schema/MARC21slim.xsd"
    xmlns="http://www.loc.gov/MARC21/slim">

  <leader>02691cam a22003255a 4500</leader>
  <controlfield tag="001">2130792</controlfield>
  <controlfield tag="005">20161120111235.0</controlfield>
  <controlfield tag="008">980309t1997    nyu    frb    001 0 eng d</controlfield>
  <datafield tag="020" ind1=" " ind2=" ">
    <subfield code="a">0471247413</subfield>
  </datafield>
  <datafield tag="020" ind1=" " ind2=" ">
    <subfield code="a">9780471247418</subfield>
  </datafield>
  <datafield tag="040" ind1=" " ind2=" ">
    <subfield code="a">MIA</subfield>
    <subfield code="c">MIA</subfield>
    <subfield code="d">OrLoB-B</subfield>
    <subfield code="d">EG-ScBUE</subfield>
    <subfield code="b">eng</subfield>
  </datafield>
  <datafield tag="082" ind1="0" ind2="4">
    <subfield code="2">22</subfield>
    <subfield code="a">332.0924	</subfield>
    <subfield code="b">REI</subfield>
  </datafield>
  <datafield tag="100" ind1="1" ind2=" ">
    <subfield code="a">Reich, Cary.</subfield>
  </datafield>
  <datafield tag="245" ind1="1" ind2="0">
    <subfield code="a">Financier, the biography of Andr&#xE9; Meyer :</subfield>
    <subfield code="b">a story of money, power, and the reshaping of American business /</subfield>
    <subfield code="c">Cary Reich.</subfield>
  </datafield>
  <datafield tag="260" ind1=" " ind2=" ">
    <subfield code="a">New York :</subfield>
    <subfield code="b">John Wiley &amp; Sons,</subfield>
    <subfield code="c">c.1997.</subfield>
  </datafield>
  <datafield tag="300" ind1=" " ind2=" ">
    <subfield code="a">392 p. ;</subfield>
    <subfield code="c">25 cm.</subfield>
  </datafield>
  <datafield tag="500" ind1=" " ind2=" ">
    <subfield code="a">Index : p. [371]-392.</subfield>
  </datafield>
  <datafield tag="504" ind1=" " ind2=" ">
    <subfield code="a">Bibliography : p. [363]-369.</subfield>
  </datafield>
  <datafield tag="520" ind1=" " ind2=" ">
    <subfield code="a">A ferociously energetic, charming, and ruthless businessman, he had, by the age of forty, helped save the foundering auto giant Citroen, established France's first consumer finance company, and been awarded the Legion of Honor. He was a trusted adviser of the Kennedys and an intimate of Lyndon Johnson, William Paley, and Katharine Graham.</subfield>
  </datafield>
  <datafield tag="520" ind1="8" ind2=" ">
    <subfield code="a">His numerous business accomplishments included the building or revitalizing of such corporate giants as Avis, Holiday Inns, Warner-Lambert, and Engelhard Minerals &amp; Chemicals. One of the world's savviest individual investors, he amassed a personal fortune of well over $200 million, yet to his dying day never gave up the search for the ultimate buck.</subfield>
  </datafield>
  <datafield tag="520" ind1="8" ind2=" ">
    <subfield code="a">After getting his professional start at a small Paris bank, he quickly caught the attention of the eminent private banking firm Lazard Freres, whose prestigious ranks he joined in 1925. Within a year, Andre Benoit Mathieu Meyer was made partner. With the advent of World War II, Meyer was forced into exile by the Nazi occupation. Resettling in the United States, he took over Lazard's New York operation, building it into the most venturesome investment bank in America.</subfield>
  </datafield>
  <datafield tag="520" ind1="8" ind2=" ">
    <subfield code="a">Financier captures Meyer's financial wizardry, a phenomenal talent that was tempered only by the volatile tantrums, ruthlessness, and insatiable greed that went hand in hand with his genius.</subfield>
  </datafield>
  <datafield tag="520" ind1="8" ind2=" ">
    <subfield code="a">Unveiling the dueling sides of his complex personality, this absorbing account shows Meyer at his best - as a father figure for the likes of Felix Rohatyn, his most famous protege, and for Jacqueline Onassis in the years after the assassination - and presents him at his worst - as a tortured and possessive father and a cruel, often vindictive boss.</subfield>
  </datafield>
  <datafield tag="600" ind1="1" ind2="7">
    <subfield code="a">Meyer, Andr&#xE9;,</subfield>
    <subfield code="d">1898-1979.</subfield>
  </datafield>
  <datafield tag="650" ind1=" " ind2="7">
    <subfield code="a">Capitalists and financiers</subfield>
    <subfield code="z">United States</subfield>
    <subfield code="v">Biography.</subfield>
    <subfield code="2">BUEsh</subfield>
  </datafield>
  <datafield tag="650" ind1=" " ind2="7">
    <subfield code="a">Investment banking</subfield>
    <subfield code="z">United States</subfield>
    <subfield code="x">History.</subfield>
    <subfield code="2">BUEsh</subfield>
  </datafield>
  <datafield tag="651" ind1=" " ind2=" ">
    <subfield code="2">BUEsh</subfield>
  </datafield>
  <datafield tag="653" ind1=" " ind2=" ">
    <subfield code="b">BUSADM</subfield>
    <subfield code="c">November2016</subfield>
  </datafield>
  <datafield tag="942" ind1=" " ind2=" ">
    <subfield code="2">ddc</subfield>
  </datafield>
  <datafield tag="999" ind1=" " ind2=" ">
    <subfield code="c">23191</subfield>
    <subfield code="d">23163</subfield>
  </datafield>
  <datafield tag="952" ind1=" " ind2=" ">
    <subfield code="0">0</subfield>
    <subfield code="1">0</subfield>
    <subfield code="2">ddc</subfield>
    <subfield code="4">0</subfield>
    <subfield code="7">0</subfield>
    <subfield code="8">Baccah</subfield>
    <subfield code="a">MAIN</subfield>
    <subfield code="b">MAIN</subfield>
    <subfield code="c">1ST</subfield>
    <subfield code="d">2016-11-20</subfield>
    <subfield code="e">Purchase</subfield>
    <subfield code="g">375.00</subfield>
    <subfield code="h">23587</subfield>
    <subfield code="l">3</subfield>
    <subfield code="o">332.0924 REI</subfield>
    <subfield code="p">000034909</subfield>
    <subfield code="r">2025-07-15 00:00:00</subfield>
    <subfield code="s">2018-07-19</subfield>
    <subfield code="v">469.00</subfield>
    <subfield code="y">BB</subfield>
  </datafield>
</record>
